Gaming Quiz

Random Gaming or Clickable Quiz

A Very Pokémon Adventure Quiz Stats

 Plays Quiz Updated Oct 3, 2016

Support Sporcle.
Go Orange.
Score 0/72 Timer 18:00
1 Play Today
% Correct
Professor Oak
82.9%
Pallet Town
82.6%
Tall Grass
76.3%
Charmander
74.5%
Squirtle
72.7%
Pikachu
71.6%
Brock
70.8%
Repel
70.3%
Weedle
69.3%
Abra
66.3%
Misty
64.8%
Cerulean City
61.8%
Old Man
60.5%
Thunder Stone
58.2%
Nugget Bridge
57.7%
Magikarp
57.5%
Pokémon Dollars
56.2%
Lt. Surge
55.7%
Cut
54.9%
Onix
52.9%
Mt. Moon
52.8%
Pokémon Tower
51.4%
Flash
50.6%
Vermilion City
50.5%
Rock Tunnel
50%
Dome
49.4%
Giovanni
49%
Hitmonchan
48.9%
Zapdos
48.8%
Eevee
48.8%
Diglett Cave
48.6%
Old Rod
48%
Aerodactyl
47.7%
Mewtwo
47.6%
Safari Zone
46.6%
Cubone
46.3%
% Correct
Bill
46%
Celadon City
45.8%
Your rival
45.3%
Indigo Plateau
45.1%
Old Amber
44.9%
Erika
44.6%
Cinnabar Island
44.6%
Seafoam Islands
44.4%
Agatha
44.1%
Mr. Fuji
43.8%
Victory Road
43.4%
Blaine
43.3%
Viridian City
43%
Bike Voucher
42.8%
Lance
42.1%
Master Ball
41.8%
Koga
41.6%
Super Rod
41.3%
Poké Flute
41.1%
Fresh Water
40.8%
Sabrina
40.7%
Fuchsia City
40.4%
Lorelei
40.4%
Jynx
39.2%
Bruno
38.9%
Thunderbolt
38.9%
Lapras
38.4%
Gengar
37.5%
Porygon
37.3%
Strength
35.3%
Kangaskhan
34.4%
Gold Teeth
34.3%
Mr. Mime
33.6%
Silph Scope
32.6%
Arcanine
28.4%
Psywave
24.2%

From the Vault

2015 Movies by Poster

by Pasi97

Movies 5m
If you haven't gotten around to watching these yet, this is your reminder.
Remove Ads.
Support Sporcle.
Get the best of Sporcle when you Go Orange. This ad-free experience offers more features, more stats, and more fun while also helping to support Sporcle. Thank you for becoming a member.

Show Comments

Extras

Top Quizzes Today


Score Distribution

Your Account Isn't Verified!

In order to create a playlist on Sporcle, you need to verify the email address you used during registration. Go to your Sporcle Settings to finish the process.

Report this User

Report this user for behavior that violates our Community Guidelines.

Details: